000 00852nac a22002417a 4500
001 BR8502355
003 BR-BrBNA
005 20240105120318.0
008 230509b bl.|||m| |||| 00| 0 por d
040 _aBR-BrBNA
_bpor
_cBiblioteca Nacional de Agricultura
072 _aE72
090 _aE72 BR8502355
100 1 _aSilva, S.F. da (ed.)
110 1 _aCentrais de Abastecimento do Estado do Rio de Janeiro S.A., Rio de Janeiro (Brasil)
_91376
245 1 _aBoletim Trimestral: analise e estatistica, jan/fev/mar/85
260 3 _aRio de Janeiro, RJ (Brasil):
_c1985.
300 _a25 p.
490 _aBoletim Trimestral - Centrais de Abastecimento do Estado do Rio de Janeiro S.A. (Brazil)
_vv. 9(1)
_x
650 _aPRODUTO AGRICOLA
650 _aCOMERCIO INTERNO
909 _a202312
_bLúcia Elande
_c55
_dLúcia Elande
942 _2AGRIS
_n0
_cMS
999 _c278816
_d278816